• 首页
  • 本馆介绍
  • 公告通知
  • 最新文献
  • 馆藏检索
  • 电子资源
  • 读者导购
  • 参考咨询
  • 我的图书馆
  • 登录
  • 详细信息显示
  • 放入我的书架
  • 预约/预借图书
  • 作者相关作品
  • 分类相关作品
  • 丛书相关作品
  • 出版社相关作品

书目信息

  • 表格格式
  • 工作单格式
  • 卡片格式
题名:
自民党权力斗争内幕
    
 
作者: 伊藤昌哉 著 ;安志达 译
分册:  
出版信息: 天津   天津人民出版社  1984
页数: 522页
开本: 21cm
丛书名:
单 册:
中图分类: D731.30
科图分类:
主题词: 政治--概况--日本
电子资源:
ISBN:
000 00701nam0 2200241 45
001 0184014241
005 20050627160728.6
010    @dCNY2.10
091    @a3072.606
100    @a19950420d1984 em y0chiy0121 ea
101 1  @achi@cjpn
102    @aCN@b120000
105    @ay z000yy
200 10 @a自民党权力斗争内幕@Azi min dang quan li dou zheng nei mu@f(日)伊藤昌哉著@F(Ri)Yi Teng Chang Zai Zhu@g安志达译
210    @a天津@c天津人民出版社@d1984
215    @a522页@d21cm
606 0  @a政治@x概况@y日本
690    @aD731.30@v3
701  0 @a伊藤昌哉@4著
702  0 @a安志达@Aan zhi da@4译
801  0 @aCN@b上海图书馆@c20040425
801  2 @aCN@bNLC@c20040425
905    @dD731.30@e104@f1@b172116
    
    自民党权力斗争内幕/(日)伊藤昌哉著/安志达译.-天津:天津人民出版社,1984
    522页;21cm
    
    
    ISBN :CNY2.10
    
●
相关链接 在E读中查询图书 在五车中查询图书 在当当中查询图书 在豆瓣中查询图书


正题名:自民党权力斗争内幕     索取号:D731.30/104         预约/预借

序号 登录号 条形码 馆藏地/架位号 状态 备注
1 0172114   001013897   第一借阅区/ [索取号:D731.30/104] 在馆    
2 0172115   001013904   第一借阅区/ [索取号:D731.30/104] 在馆    
唐山师范学院图书馆 欢迎您!
大连网信软件有限公司© 版权所有